000 00986nam a2200289 i 4500
001 11046
003 ES-MaACL
005 20250822035937.0
007 t|
008 940310s1993 sp |||| | spa j
020 _a84-7658-409-1
100 1 _aSilvestri, Adriana.
_9106443
245 1 0 _aBajtin y Vigotski
_b: la organización semiótica de la conciencia /
_cAdriana Silvestri, Guillermo Blanck ; prefacio de Michael Cole.
250 _a1ª ed.
260 _aBarcelona :
_bAnthropos,
_c1993.
300 _a286 p ;
_c20 cm.
490 1 _aAutores, textos y temas. Psicología ;
_v20
504 _aBibliografía: p. 277-283.
600 1 4 _aBajtin, Mijail Mijaïlovich.
_924764
600 1 4 _aVygotskii, L. S.,
_d1896-1934
_9115788
650 4 _aConciencia.
_911241
700 1 _aBlanck, Guillermo.
_929164
700 1 _aCole, Michael.
_939569
830 0 0 _aAutores, textos y temas.
_pPsicología
_v20
_9177279
852 _aES-MaACL
_jL-18352
999 _c11046
_d11046